Normal view
MARC view
Entry Personal Name
001 - CONTROL NUMBER
- control field: 25393
003 - CONTROL NUMBER IDENTIFIER
- control field: Doon University
005 - DATE AND TIME OF LATEST TRANSACTION
- control field: 20250320151000.0
008 - FIXED-LENGTH DATA ELEMENTS
- fixed length control field: 250320|| aca||aabn | a|a d
040 ## - CATALOGING SOURCE
- Original cataloging agency: Doon University
- Transcribing agency: Doon University
100 ## - HEADING--PERSONAL NAME
- Personal name: Carr, joseph J
670 ## - SOURCE DATA FOUND
- Source citation: Work cat.: (Doon University)59500: Carr, joseph J., Introduction to biomedical equipment technology, 2024